[Event "Guernsey Holiday op 41st"]
[Site "Guernsey"]
[Date "2015.10.24"]
[Round "7"]
[White "Wale, Ray"]
[Black "Lorthioir, Gwenegan"]
[Result "1-0"]
[WhiteElo "1660"]
[BlackElo "1292"]
[PlyCount "67"]
[EventDate "2015.10.18"]
[EventType "swiss"]
[EventRounds "7"]
[EventCountry "GCI"]
[SourceTitle "EXT 2022"]
[Source "ChessBase"]
[SourceDate "2021.10.06"]
[SourceVersion "1"]
[SourceVersionDate "2021.10.06"]
[SourceQuality "1"]

1. e4 c6 2. d4 d5 3. e5 Bf5 4. Nf3 Nd7 5. h3 e6 6. Bd3 Bxd3 7. Qxd3 Be7 8. 0-0 Qc7 9. a3 0-0-0 10. b4 Kb8 11. Bd2 Nb6 12. a4 Nc4 13. Bc3 Qb6 14. a5 Qb5 15. Nbd2 Nxd2 16. Qxd2 Rc8 17. a6 bxa6 18. Ra5 Qb7 19. Rfa1 Rc7 20. Rxa6 Qc8 21. Qc1 Qd7 22. Qb2 Rb7 23. Qa3 h6 24. Nd2 h5 25. Nb3 Nh6 26. Qa4 Rc8 27. Na5 Rbc7 28. Rb1 Ka8 29. Rb3 Nf5 30. Ra3 Bf8 31. Nxc6 Rb7 32. Rxa7+ Rxa7 33. Qxa7+ Qxa7 34. Rxa7# 1-0

[Event "Guernsey Holiday op 41st"]
[Site "Guernsey"]
[Date "2015.10.20"]
[Round "3"]
[White "Wale, Ray"]
[Black "Jones, Sidney A"]
[Result "1-0"]
[WhiteElo "1660"]
[BlackElo "1435"]
[PlyCount "31"]
[EventDate "2015.10.18"]
[EventType "swiss"]
[EventRounds "7"]
[EventCountry "GCI"]
[SourceTitle "EXT 2022"]
[Source "ChessBase"]
[SourceDate "2021.10.06"]
[SourceVersion "1"]
[SourceVersionDate "2021.10.06"]
[SourceQuality "1"]

1. e4 c5 2. Nf3 Nc6 3. Bc4 e6 4. Nc3 Nf6 5. e5 Ng4 6. d4 cxd4 7. Nxd4 Nxd4 8. Qxd4 Nh6 9. Bxh6 gxh6 10. 0-0-0 a6 11. f4 Qc7 12. Ne4 Be7 13. Rhf1 b5 14. Bb3 Bb7 15. Nd6+ Bxd6 16. exd6 1-0

[Event "BCF-ch Seniors 50 U150"]
[Site "Coventry"]
[Date "2015.07.30"]
[Round "4"]
[White "Wale, Ray"]
[Black "Dicks, Steve"]
[Result "0-1"]
[WhiteElo "133"]
[BlackElo "126"]
[PlyCount "73"]
[EventDate "2015.07.27"]
[EventType "swiss"]
[EventRounds "5"]
[EventCountry "ENG"]
[SourceTitle "CBM 167 Extra"]
[Source "ChessBase"]
[SourceDate "2015.09.14"]
[SourceVersion "1"]
[SourceVersionDate "2015.09.14"]
[SourceQuality "1"]

1. e4 c5 2. Nf3 Nc6 3. Bc4 e6 4. 0-0 d5 5. exd5 exd5 6. Bb5 Bd6 7. d4 Nge7 8. Bg5 0-0 9. Nc3 a6 10. Bxc6 bxc6 11. a3 Bg4 12. dxc5 Bxc5 13. Qd3 Qc7 14. Bxe7 Bxe7 15. h3 Bh5 16. Ne2 Bf6 17. Rab1 Rfd8 18. Qd2 c5 19. Ng3 Bg6 20. h4 h5 21. Qd1 d4 22. Nd2 Bxh4 23. Nxh5 Qe5 24. Ng3 Bxg3 25. fxg3 Qxg3 26. Rf3 Qg5 27. Rh3 Re8 28. Nf3 Qe3+ 29. Kh1 Qf2 30. Ng1 Re3 31. Rh2 Rae8 32. Qg4 Qxc2 33. Qh4 f6 34. Rf1 Kf7 35. Nf3 Rxf3 36. gxf3 Qd3 37. Qg4 0-1

[Event "BCF-ch Seniors 50 U150"]
[Site "Coventry"]
[Date "2015.07.28"]
[Round "2"]
[White "Wale, Ray"]
[Black "Horlock, Peter J"]
[Result "0-1"]
[WhiteElo "133"]
[BlackElo "1600"]
[PlyCount "96"]
[EventDate "2015.07.27"]
[EventType "swiss"]
[EventRounds "5"]
[EventCountry "ENG"]
[SourceTitle "CBM 167 Extra"]
[Source "ChessBase"]
[SourceDate "2015.09.14"]
[SourceVersion "1"]
[SourceVersionDate "2015.09.14"]
[SourceQuality "1"]

1. e4 e5 2. Nf3 Nc6 3. Bc4 Be7 4. c3 d6 5. d3 Nf6 6. Be3 0-0 7. 0-0 d5 8. exd5 Nxd5 9. Qe2 Nxe3 10. Qxe3 Bf6 11. Nbd2 Re8 12. Ne4 Be6 13. Rad1 h6 14. Nc5 Bxc4 15. dxc4 Qc8 16. Nd7 Re6 17. b4 Qe8 18. Rd5 e4 19. Nxf6+ Rxf6 20. Re1 Re6 21. Nd4 Nxd4 22. Qxd4 c6 23. Rd7 b6 24. Re3 c5 25. Qd2 f5 26. Qd5 Kh8 27. Rg3 e3 28. Rxe3 Rxe3 29. fxe3 Qxe3+ 30. Kf1 Re8 31. Qd1 Qxc3 32. Rd8 Qxc4+ 33. Kg1 Rxd8 34. Qxd8+ Kh7 35. bxc5 Qxc5+ 36. Kf1 b5 37. Qd3 Qc4 38. Qxc4 bxc4 39. Ke2 g5 40. Kd2 Kg6 41. Kc3 f4 42. Kxc4 Kf5 43. a4 Kg4 44. Kb5 f3 45. gxf3+ Kxf3 46. Kc6 Kg2 47. Kb7 a5 48. Kb6 Kxh2 0-1